Dagestan của tôi; T1

Tác phẩm gồm 2 tập; với thể văn tự sự, giàu chất sử thi, tác giả đã ca ngợi sự trưởng thành và đổi mới của đất nước Cazactan trong cộng đồng Liên bang Cộng hòa Xã hội chủ nghĩa Xô-viết...

সম্পূর্ণ বিবরণ

সংরক্ষণ করুন:
গ্রন্থ-পঞ্জীর বিবরন
প্রধান লেখক: Rasun Gamzatov
বিন্যাস: গ্রন্থ
ভাষা:Undetermined
প্রকাশিত: Hà Nội Tác phẩm mới 1977
বিষয়গুলি:
ট্যাগগুলো: ট্যাগ যুক্ত করুন
কোনো ট্যাগ নেই, প্রথমজন হিসাবে ট্যাগ করুন!
Thư viện lưu trữ: Trung tâm Học liệu Trường Đại học Cần Thơ
LEADER 00800nam a2200181Ia 4500
001 CTU_15884
008 210402s9999 xx 000 0 und d
082 |a 891.734 
082 |b G186/T1 
100 |a Rasun Gamzatov 
245 0 |a Dagestan của tôi; T1 
245 0 |c Rasun Gamzatov, Phan Hồng Giang 
260 |a Hà Nội 
260 |b Tác phẩm mới 
260 |c 1977 
520 |a Tác phẩm gồm 2 tập; với thể văn tự sự, giàu chất sử thi, tác giả đã ca ngợi sự trưởng thành và đổi mới của đất nước Cazactan trong cộng đồng Liên bang Cộng hòa Xã hội chủ nghĩa Xô-viết 
650 |a russian fiction 
980 |a Trung tâm Học liệu Trường Đại học Cần Thơ